<?xml version="1.0" encoding="UTF-8"?>
<record
    xmlns:xsi="http://www.w3.org/2001/XMLSchema-instance"
    xsi:schemaLocation="http://www.loc.gov/MARC21/slim http://www.loc.gov/standards/marcxml/schema/MARC21slim.xsd"
    xmlns="http://www.loc.gov/MARC21/slim">

  <leader>01917nam a2200589 a 4500</leader>
  <controlfield tag="005">20240506131502.0</controlfield>
  <controlfield tag="008">s2012||||sp a   f |||| 001 0 spa d</controlfield>
  <datafield tag="020" ind1=" " ind2=" ">
    <subfield code="a">9788471018304</subfield>
  </datafield>
  <datafield tag="041" ind1=" " ind2=" ">
    <subfield code="a">spa</subfield>
  </datafield>
  <datafield tag="092" ind1=" " ind2=" ">
    <subfield code="c">616</subfield>
    <subfield code="l">16</subfield>
    <subfield code="s">DIA</subfield>
  </datafield>
  <datafield tag="245" ind1=" " ind2=" ">
    <subfield code="a">Diagn&#xF3;stico y Tratamiento M&#xE9;dico.</subfield>
    <subfield code="b">New Green Book /</subfield>
    <subfield code="c">J. L. Rodr&#xED;guez Garc&#xED;a</subfield>
  </datafield>
  <datafield tag="250" ind1=" " ind2=" ">
    <subfield code="a">1a ed.</subfield>
  </datafield>
  <datafield tag="260" ind1=" " ind2=" ">
    <subfield code="a">Madrid: </subfield>
    <subfield code="b">Marban;</subfield>
    <subfield code="c">2015.</subfield>
  </datafield>
  <datafield tag="300" ind1=" " ind2=" ">
    <subfield code="a">2336 p.</subfield>
    <subfield code="b">il.</subfield>
  </datafield>
  <datafield tag="500" ind1=" " ind2=" ">
    <subfield code="a">Rodr&#xED;guez Garc&#xED;a, J. L. et al. (2015). Diagn&#xF3;stico y tratamiento m&#xE9;dico. New Green book. (1a ed.). Madrid : Marban ; DTM.</subfield>
  </datafield>
  <datafield tag="590" ind1=" " ind2=" ">
    <subfield code="a">Compra Proyecto PROMED 2012
</subfield>
  </datafield>
  <datafield tag="653" ind1=" " ind2=" ">
    <subfield code="a">Cardiolog&#xED;a</subfield>
  </datafield>
  <datafield tag="653" ind1=" " ind2=" ">
    <subfield code="a">Neumolog&#xED;a</subfield>
  </datafield>
  <datafield tag="653" ind1=" " ind2=" ">
    <subfield code="a">Nefrolog&#xED;a</subfield>
  </datafield>
  <datafield tag="653" ind1=" " ind2=" ">
    <subfield code="a">Neurolog&#xED;a</subfield>
  </datafield>
  <datafield tag="653" ind1=" " ind2=" ">
    <subfield code="a">Oftalmolog&#xED;a</subfield>
  </datafield>
  <datafield tag="653" ind1=" " ind2=" ">
    <subfield code="a">Otorrinolaringolog&#xED;a</subfield>
  </datafield>
  <datafield tag="653" ind1=" " ind2=" ">
    <subfield code="a">Digestivo</subfield>
  </datafield>
  <datafield tag="653" ind1=" " ind2=" ">
    <subfield code="a">Medicina interna</subfield>
  </datafield>
  <datafield tag="653" ind1=" " ind2=" ">
    <subfield code="a">Reumatolog&#xED;a</subfield>
  </datafield>
  <datafield tag="653" ind1=" " ind2=" ">
    <subfield code="a">Hematolog&#xED;a</subfield>
  </datafield>
  <datafield tag="653" ind1=" " ind2=" ">
    <subfield code="a">Endocrinolog&#xED;a</subfield>
  </datafield>
  <datafield tag="653" ind1=" " ind2=" ">
    <subfield code="a">Ginecolog&#xED;a</subfield>
  </datafield>
  <datafield tag="653" ind1=" " ind2=" ">
    <subfield code="a">Urolog&#xED;a</subfield>
  </datafield>
  <datafield tag="653" ind1=" " ind2=" ">
    <subfield code="a">Dermatolog&#xED;a</subfield>
  </datafield>
  <datafield tag="653" ind1=" " ind2=" ">
    <subfield code="a">Alteraciones anal&#xED;ticas</subfield>
  </datafield>
  <datafield tag="653" ind1=" " ind2=" ">
    <subfield code="a">Sistema nervioso</subfield>
  </datafield>
  <datafield tag="653" ind1=" " ind2=" ">
    <subfield code="a">T&#xF3;rax</subfield>
  </datafield>
  <datafield tag="653" ind1=" " ind2=" ">
    <subfield code="a">Sistema musculoesquel&#xE9;tico</subfield>
  </datafield>
  <datafield tag="653" ind1=" " ind2=" ">
    <subfield code="a">Abdomen. Higado. Ves&#xED;cula. V&#xED;a biliar. Bazo </subfield>
  </datafield>
  <datafield tag="653" ind1=" " ind2=" ">
    <subfield code="a">P&#xE1;ncreas y retroperitoneo</subfield>
  </datafield>
  <datafield tag="653" ind1=" " ind2=" ">
    <subfield code="a">Ri&#xF1;&#xF3;n. Suprarrenales. V&#xED;as urinarias. Test&#xED;culo. Pelvis</subfield>
  </datafield>
  <datafield tag="653" ind1=" " ind2=" ">
    <subfield code="a">Enfermedades infecciosas y microbiolog&#xED;a</subfield>
  </datafield>
  <datafield tag="653" ind1=" " ind2=" ">
    <subfield code="a">Farmacolog&#xED;a y hemoterapia</subfield>
  </datafield>
  <datafield tag="653" ind1=" " ind2=" ">
    <subfield code="a">Oncolog&#xED;a</subfield>
  </datafield>
  <datafield tag="653" ind1=" " ind2=" ">
    <subfield code="a">Geriatr&#xED;a y psiquiatr&#xED;a</subfield>
  </datafield>
  <datafield tag="700" ind1="1" ind2=" ">
    <subfield code="a">Avalos Serrano, J, </subfield>
    <subfield code="9">725</subfield>
  </datafield>
  <datafield tag="700" ind1="1" ind2=" ">
    <subfield code="a">Rodr&#xED;guez Garc&#xED;a, Jos&#xE9; Luis</subfield>
    <subfield code="9">1705</subfield>
  </datafield>
  <datafield tag="700" ind1="1" ind2=" ">
    <subfield code="a">Aza&#xF1;a Defez, J. M, </subfield>
    <subfield code="9">726</subfield>
  </datafield>
  <datafield tag="700" ind1="1" ind2=" ">
    <subfield code="a">Balsa Barro, J, </subfield>
    <subfield code="9">727</subfield>
  </datafield>
  <datafield tag="700" ind1="1" ind2=" ">
    <subfield code="a">Berbel Garc&#xED;a, A, </subfield>
    <subfield code="9">728</subfield>
  </datafield>
  <datafield tag="700" ind1="1" ind2=" ">
    <subfield code="a">Contreras S&#xE1;nchez, J. D, </subfield>
    <subfield code="9">729</subfield>
  </datafield>
  <datafield tag="700" ind1="1" ind2=" ">
    <subfield code="a">Gaud&#xF3; Navarro, J. I, </subfield>
    <subfield code="9">730</subfield>
  </datafield>
  <datafield tag="700" ind1="1" ind2=" ">
    <subfield code="a">Gonz&#xE1;lez Carro, P. S, </subfield>
    <subfield code="9">731</subfield>
  </datafield>
  <datafield tag="700" ind1="1" ind2=" ">
    <subfield code="a">Gonz&#xE1;lez del Valle, F, </subfield>
    <subfield code="9">732</subfield>
  </datafield>
  <datafield tag="942" ind1=" " ind2=" ">
    <subfield code="2">ddc</subfield>
    <subfield code="c">BK</subfield>
  </datafield>
  <datafield tag="999" ind1=" " ind2=" ">
    <subfield code="c">1114</subfield>
    <subfield code="d">1114</subfield>
  </datafield>
  <datafield tag="952" ind1=" " ind2=" ">
    <subfield code="0">0</subfield>
    <subfield code="1">0</subfield>
    <subfield code="2">ddc</subfield>
    <subfield code="4">0</subfield>
    <subfield code="7">0</subfield>
    <subfield code="a">BFM</subfield>
    <subfield code="b">BFM</subfield>
    <subfield code="c">CR</subfield>
    <subfield code="d">2012-10-16</subfield>
    <subfield code="g">0.00</subfield>
    <subfield code="l">68</subfield>
    <subfield code="m">8</subfield>
    <subfield code="o">616 DIA 16</subfield>
    <subfield code="p">2666</subfield>
    <subfield code="r">2018-07-05</subfield>
    <subfield code="s">2018-06-29</subfield>
    <subfield code="t">Ej. 1</subfield>
    <subfield code="w">2012-10-16</subfield>
    <subfield code="y">BK</subfield>
  </datafield>
  <datafield tag="952" ind1=" " ind2=" ">
    <subfield code="0">0</subfield>
    <subfield code="1">0</subfield>
    <subfield code="2">ddc</subfield>
    <subfield code="4">0</subfield>
    <subfield code="7">0</subfield>
    <subfield code="8">NFIC</subfield>
    <subfield code="a">BFM</subfield>
    <subfield code="b">BFM</subfield>
    <subfield code="c">CR</subfield>
    <subfield code="d">2012-10-16</subfield>
    <subfield code="g">0.00</subfield>
    <subfield code="l">113</subfield>
    <subfield code="m">13</subfield>
    <subfield code="o">616 DIA 16</subfield>
    <subfield code="p">2667</subfield>
    <subfield code="r">2018-08-10</subfield>
    <subfield code="s">2018-06-29</subfield>
    <subfield code="t">Ej. 2</subfield>
    <subfield code="w">2012-10-16</subfield>
    <subfield code="y">BK</subfield>
    <subfield code="z">Proyecto PROMED</subfield>
  </datafield>
  <datafield tag="952" ind1=" " ind2=" ">
    <subfield code="0">0</subfield>
    <subfield code="1">0</subfield>
    <subfield code="2">ddc</subfield>
    <subfield code="4">0</subfield>
    <subfield code="7">0</subfield>
    <subfield code="8">REF</subfield>
    <subfield code="a">BFM</subfield>
    <subfield code="b">BFM</subfield>
    <subfield code="c">REF</subfield>
    <subfield code="d">2015-06-15</subfield>
    <subfield code="e">Compra Promed 3er a&#xF1;o, Junio 2015</subfield>
    <subfield code="g">580.00</subfield>
    <subfield code="l">19</subfield>
    <subfield code="o">616 16 DIA</subfield>
    <subfield code="p">3493</subfield>
    <subfield code="r">2018-07-04</subfield>
    <subfield code="s">2018-06-29</subfield>
    <subfield code="t">Ej.3</subfield>
    <subfield code="w">2015-06-15</subfield>
    <subfield code="y">REF</subfield>
    <subfield code="z">LIBRO DE CONSULTA. Compra Promed 3er a&#xF1;o, Junio 2015</subfield>
  </datafield>
  <datafield tag="952" ind1=" " ind2=" ">
    <subfield code="0">0</subfield>
    <subfield code="1">0</subfield>
    <subfield code="2">ddc</subfield>
    <subfield code="4">0</subfield>
    <subfield code="7">0</subfield>
    <subfield code="a">BFM</subfield>
    <subfield code="b">BFM</subfield>
    <subfield code="c">CR</subfield>
    <subfield code="d">2015-06-15</subfield>
    <subfield code="e">Compra Promed 3er a&#xF1;o, Junio 2015</subfield>
    <subfield code="g">580.00</subfield>
    <subfield code="l">101</subfield>
    <subfield code="m">10</subfield>
    <subfield code="o">616 16 DIA</subfield>
    <subfield code="p">3494</subfield>
    <subfield code="r">2022-11-07</subfield>
    <subfield code="s">2022-11-07</subfield>
    <subfield code="t">Ej.4</subfield>
    <subfield code="w">2015-06-15</subfield>
    <subfield code="y">BK</subfield>
    <subfield code="z">Compra Promed 3er a&#xF1;o, Junio 2015</subfield>
  </datafield>
  <datafield tag="952" ind1=" " ind2=" ">
    <subfield code="0">0</subfield>
    <subfield code="1">0</subfield>
    <subfield code="2">ddc</subfield>
    <subfield code="4">0</subfield>
    <subfield code="7">0</subfield>
    <subfield code="8">NFIC</subfield>
    <subfield code="a">BFM</subfield>
    <subfield code="b">BFM</subfield>
    <subfield code="c">CR</subfield>
    <subfield code="d">2015-10-07</subfield>
    <subfield code="e">PROMED</subfield>
    <subfield code="g">580.00</subfield>
    <subfield code="l">80</subfield>
    <subfield code="m">9</subfield>
    <subfield code="o">616 16 DIA</subfield>
    <subfield code="p">3595</subfield>
    <subfield code="r">2021-11-23</subfield>
    <subfield code="s">2021-11-15</subfield>
    <subfield code="t">Ej. 5</subfield>
    <subfield code="w">2015-10-07</subfield>
    <subfield code="y">BK</subfield>
    <subfield code="z">Compra Promed 3er a&#xF1;o, Octubre 2015</subfield>
  </datafield>
  <datafield tag="952" ind1=" " ind2=" ">
    <subfield code="0">0</subfield>
    <subfield code="1">0</subfield>
    <subfield code="2">ddc</subfield>
    <subfield code="4">0</subfield>
    <subfield code="7">0</subfield>
    <subfield code="8">NFIC</subfield>
    <subfield code="a">BFM</subfield>
    <subfield code="b">BFM</subfield>
    <subfield code="c">CR</subfield>
    <subfield code="d">2015-10-07</subfield>
    <subfield code="e">PROMED</subfield>
    <subfield code="g">580.00</subfield>
    <subfield code="l">91</subfield>
    <subfield code="m">15</subfield>
    <subfield code="o">616 16 DIA</subfield>
    <subfield code="p">3596</subfield>
    <subfield code="r">2019-07-03</subfield>
    <subfield code="s">2019-07-02</subfield>
    <subfield code="t">Ej. 6</subfield>
    <subfield code="w">2015-10-07</subfield>
    <subfield code="y">BK</subfield>
    <subfield code="z">Compra Promed 3er a&#xF1;o, Octubre 2015. Ejemplar manchado y reemplazado por Gimenez Juan Manuel, Octubre 2017.</subfield>
  </datafield>
  <datafield tag="952" ind1=" " ind2=" ">
    <subfield code="0">0</subfield>
    <subfield code="1">0</subfield>
    <subfield code="2">ddc</subfield>
    <subfield code="4">0</subfield>
    <subfield code="7">0</subfield>
    <subfield code="a">BFM</subfield>
    <subfield code="b">BFM</subfield>
    <subfield code="c">CR</subfield>
    <subfield code="d">2022-09-06</subfield>
    <subfield code="e">Donaci&#xF3;n Toloza, Daniela; septiembre 2022.</subfield>
    <subfield code="l">1</subfield>
    <subfield code="o">616 16 DIA</subfield>
    <subfield code="p">4785</subfield>
    <subfield code="r">2025-03-26</subfield>
    <subfield code="s">2025-03-19</subfield>
    <subfield code="t">Ej.12</subfield>
    <subfield code="w">2022-09-06</subfield>
    <subfield code="y">BK</subfield>
    <subfield code="z">Donaci&#xF3;n Toloza, Daniela; septiembre 2022.</subfield>
    <subfield code="f"></subfield>
  </datafield>
  <datafield tag="952" ind1=" " ind2=" ">
    <subfield code="0">0</subfield>
    <subfield code="1">0</subfield>
    <subfield code="2">ddc</subfield>
    <subfield code="4">0</subfield>
    <subfield code="7">0</subfield>
    <subfield code="a">BFM</subfield>
    <subfield code="b">BFM</subfield>
    <subfield code="c">CR</subfield>
    <subfield code="d">2023-02-03</subfield>
    <subfield code="e">Donaci&#xF3;n Camila Ledesma, Febrero 2023.</subfield>
    <subfield code="l">0</subfield>
    <subfield code="o">616 16 DIA 	</subfield>
    <subfield code="p">4811</subfield>
    <subfield code="r">2023-02-03</subfield>
    <subfield code="t">Ej.13</subfield>
    <subfield code="w">0000-00-00</subfield>
    <subfield code="y">BK</subfield>
    <subfield code="z">Donaci&#xF3;n Camila Ledesma, Febrero 2023.</subfield>
    <subfield code="f"></subfield>
  </datafield>
  <datafield tag="952" ind1=" " ind2=" ">
    <subfield code="0">0</subfield>
    <subfield code="1">0</subfield>
    <subfield code="2">ddc</subfield>
    <subfield code="4">0</subfield>
    <subfield code="7">0</subfield>
    <subfield code="8">NFIC</subfield>
    <subfield code="a">BFM</subfield>
    <subfield code="b">BFM</subfield>
    <subfield code="c">CR</subfield>
    <subfield code="d">2023-11-23</subfield>
    <subfield code="e">Donacion Marcela Sfeir</subfield>
    <subfield code="l">0</subfield>
    <subfield code="o">616 16 DIA</subfield>
    <subfield code="p">4882</subfield>
    <subfield code="r">2023-11-24</subfield>
    <subfield code="t">Ej. 14</subfield>
    <subfield code="w">2023-11-24</subfield>
    <subfield code="y">BK</subfield>
    <subfield code="z">Donacion Marcela Sfeir</subfield>
    <subfield code="f"></subfield>
  </datafield>
  <datafield tag="952" ind1=" " ind2=" ">
    <subfield code="0">0</subfield>
    <subfield code="1">0</subfield>
    <subfield code="2">ddc</subfield>
    <subfield code="4">0</subfield>
    <subfield code="7">0</subfield>
    <subfield code="a">BFM</subfield>
    <subfield code="b">BFM</subfield>
    <subfield code="c">CR</subfield>
    <subfield code="d">2025-12-04</subfield>
    <subfield code="e">Donaci&#xF3;n diciembre 2025</subfield>
    <subfield code="l">0</subfield>
    <subfield code="o">616 16 DIA</subfield>
    <subfield code="p">5131</subfield>
    <subfield code="r">2025-12-05</subfield>
    <subfield code="t">Ej. 15</subfield>
    <subfield code="w">2025-12-05</subfield>
    <subfield code="y">BK</subfield>
    <subfield code="z">Donaci&#xF3;n Mendoza Mauricio, diciembre 2025</subfield>
    <subfield code="f"></subfield>
  </datafield>
  <datafield tag="952" ind1=" " ind2=" ">
    <subfield code="0">0</subfield>
    <subfield code="1">0</subfield>
    <subfield code="2">ddc</subfield>
    <subfield code="4">0</subfield>
    <subfield code="7">0</subfield>
    <subfield code="a">BFM</subfield>
    <subfield code="b">BFM</subfield>
    <subfield code="c">CR</subfield>
    <subfield code="d">2026-02-18</subfield>
    <subfield code="e">Donaci&#xF3;n Castro, Ver&#xF3;nica. Febrero 2026</subfield>
    <subfield code="l">0</subfield>
    <subfield code="o">616 16 DIA</subfield>
    <subfield code="p">5143</subfield>
    <subfield code="r">2026-02-19</subfield>
    <subfield code="t">Ej.16</subfield>
    <subfield code="w">2026-02-19</subfield>
    <subfield code="y">BK</subfield>
    <subfield code="z">Donaci&#xF3;n Castro, Ver&#xF3;nica. Febrero 2026. Sede Tordos.</subfield>
    <subfield code="f"></subfield>
  </datafield>
</record>
